The call : (Record no. 5604)
[ view plain ]
| 000 -LEADER | |
|---|---|
| fixed length control field | 01506cam a2200289 a 4500 |
| 001 - CONTROL NUMBER | |
| control field | 38132727 |
| 003 - CONTROL NUMBER IDENTIFIER | |
| control field | OCoLC |
| 005 - DATE AND TIME OF LATEST TRANSACTION | |
| control field | 20190108105808.0 |
| 008 - FIXED-LENGTH DATA ELEMENTS--GENERAL INFORMATION | |
| fixed length control field | 971217s1998 tnu 000 0 eng |
| 010 ## - LIBRARY OF CONGRESS CONTROL NUMBER | |
| LC control number | 97052654 |
| 015 ## - NATIONAL BIBLIOGRAPHY NUMBER | |
| National bibliography number | GB99-44652 |
| 020 ## - INTERNATIONAL STANDARD BOOK NUMBER | |
| International Standard Book Number | 0849912911 |
| 020 ## - INTERNATIONAL STANDARD BOOK NUMBER | |
| International Standard Book Number | 9780849912917 |
| 035 ## - SYSTEM CONTROL NUMBER | |
| System control number | (OCoLC)38132727 |
| Canceled/invalid control number | (OCoLC)61390494 |
| 040 ## - CATALOGING SOURCE | |
| Original cataloging agency | DLC |
| Language of cataloging | eng |
| Transcribing agency | DLC |
| Modifying agency | UKM |
| -- | BAKER |
| -- | BTCTA |
| -- | YDXCP |
| -- | NOW |
| -- | CFT |
| -- | OCLCO |
| 050 00 - LIBRARY OF CONGRESS CALL NUMBER | |
| Classification number | BV4740 |
| Item number | .G85 1998 |
| 082 00 - DEWEY DECIMAL CLASSIFICATION NUMBER | |
| Classification number | 248.4 |
| Edition number | 21 |
| Item number | G964C |
| 092 0# - LOCALLY ASSIGNED DEWEY CALL NUMBER (OCLC) | |
| Classification number | 248.4 |
| Item number | G9647 |
| 100 1# - MAIN ENTRY--PERSONAL NAME | |
| Personal name | Guinness, Os. |
| 245 14 - TITLE STATEMENT | |
| Title | The call : |
| Remainder of title | finding and fulfilling the central purpose of your life / |
| Statement of responsibility, etc. | Os Guinness. |
| 260 ## - PUBLICATION, DISTRIBUTION, ETC. | |
| Place of publication, distribution, etc. | Nashville, Tenn. : |
| Name of publisher, distributor, etc. | Word, |
| Date of publication, distribution, etc. | c1998. |
| 300 ## - PHYSICAL DESCRIPTION | |
| Extent | 249 p. ; |
| Dimensions | 24 cm. |
| 505 0# - FORMATTED CONTENTS NOTE | |
| Formatted contents note | The ultimate why -- Seekers sought -- The haunting question -- Everyone, everywhere, everything -- By him, to him, for him -- Do what you are -- A time to stand -- Let God be God -- The audience of one -- Our utmost for his highest still -- Where the buck stops, there stand I -- People of the call -- Followers of the way -- There but for the grace of God goes God -- What is that to you? -- More, more, faster, faster -- Combating the noonday demon -- A world of windows -- Locked out and staying there -- A focused life -- Dreamers of the day -- Patches of Godlight -- Let all your thinks be thanks -- Everybody's fools -- The hour has come -- Last call. |
| 650 #0 - SUBJECT ADDED ENTRY--TOPICAL TERM | |
| Topical term or geographic name entry element | Vocation |
| General subdivision | Christianity |
| -- | Meditations. |
| 650 #0 - SUBJECT ADDED ENTRY--TOPICAL TERM | |
| Topical term or geographic name entry element | Devotional calendars. |
| 942 ## - ADDED ENTRY ELEMENTS (KOHA) | |
| Source of classification or shelving scheme | Dewey Decimal Classification |
| Koha item type | Books |
| Withdrawn status | Lost status | Source of classification or shelving scheme | Damaged status | Not for loan | Collection code | Home library | Current library | Shelving location | Date acquired | Cost, normal purchase price | Total Checkouts | Full call number | Barcode | Date last seen | Price effective from | Koha item type | Copy number |
|---|---|---|---|---|---|---|---|---|---|---|---|---|---|---|---|---|---|
| Dewey Decimal Classification | Non-fiction | Harvest Mission College | Harvest Mission College | General Stacks | 08.01.2019 | 850.00 | 248.4 G964C | 006409 | 08.01.2019 | 08.01.2019 | Books | ||||||
| Dewey Decimal Classification | Non-fiction | Harvest Mission College | Harvest Mission College | General Stacks | 29.01.2021 | 248.4 G964C | 010907 | 29.01.2021 | 29.01.2021 | Books | 2 |
